000 01312nam a2200349 4500
001 127
003 OSt
005 20250528074012.0
008 250128b |||||||g |||| 00| 1 eng d
040 _bpor
041 _heng
_apor
082 _a823
_bC555ce
100 1 _aChristie, Agatha,
_d1890-1976
_9268
240 _aA pocket full of eye
245 _aCem gramas de centeio
_bUma aventura de Miss Marple /
_cChristie, Agatha ; Tradução de Milton Persson
260 _aRio de Janeiro
_bNova Fronteira
_c1988
300 _a216 p.
490 1 _aMiss Marple
520 _aRex Fortescue, um saudável homem de negócios, morre envenenado enquanto tomava chá, e a única pista encontrada foram cem gramas de centeio em seu bolso. O Inspetor Neele conduz a investigação, pois todos que viviam ao redor do falecido teriam bons motivos para cometer o crime. Cabe a Miss Marple, que surge na hora certa, resolver o caso.
650 0 _aLiteratura Inglesa
_989
650 0 _aRomance Policial
_911
650 0 _aSuspense
_910
650 0 _aMistério
_942
650 0 _aCrime e Investigação
_913
650 0 _aClássicos
_977
650 0 _aFilme
_926
655 0 _aRomance
_923
655 0 _aFicção
_922
700 _aMilton Persson
_eTradutor
_9155
830 _aMiss Marple
_9276
942 _2ddc
_n0
_cBK
999 _c127
_d127